Online Catalogue and eLibrary

Ruthless Criticism: (Record no. 1138)

MARC details
000 -LEADER
fixed length control field 00556nam a2200205Ia 4500
005 - DATE AND TIME OF LATEST TRANSACTION
control field 20250325062919.0
008 - FIXED-LENGTH DATA ELEMENTS--GENERAL INFORMATION
fixed length control field 240331s9999 xx 000 0 und d
020 ## - INTERNATIONAL STANDARD BOOK NUMBER
ISBN 0816621705
082 ## - DDC Classification
Class No. 302.23
Item Number - Author Mark RUT
DDC Edition Number 2072
245 #0 - TITLE STATEMENT
Title Ruthless Criticism:
Remainder of title New Perspectives in U.S. Communication History
260 ## - PUBLICATION, DISTRIBUTION, ETC.
Place of publication, distribution, etc. London,
Name of publisher, distributor, etc. University of Minnesota
Date of publication, distribution, etc. 1993
300 ## - PHYSICAL DESCRIPTION
Extent (e.g. Volumes, Pages etc.) ix, 389 p.,
650 ## - SUBJECT ADDED ENTRY--TOPICAL TERM
Topical term or geographic name entry element Criticism
650 ## - SUBJECT ADDED ENTRY--TOPICAL TERM
Topical term or geographic name entry element History
650 ## - SUBJECT ADDED ENTRY--TOPICAL TERM
Topical term or geographic name entry element Communication
650 ## - SUBJECT ADDED ENTRY--TOPICAL TERM
Topical term or geographic name entry element Media
700 ## - ADDED ENTRY--PERSONAL NAME
Personal name Solomon, W. S
Relator term (Role) Editor
700 ## - ADDED ENTRY--PERSONAL NAME
Personal name McChesney, R. W
Relator term (Role) Editor
942 ## - Koha item type (Biblio)
Koha item type Books in Stacks (Lending)
Holdings
Lost status Damaged status Collection code Home library Current library Shelving location Date acquired Full call number Accession Number Item type
    Lending WERC Library WERC Library Social Science Cupboard 03/31/2024 302.23 RUT 2072 Books in Stacks (Lending)

© WERC Library